000 01844nam a2200421 c 4500
100 _aПипков, Любомир Панайотов
_d1904-1974
_eпърви автор
_9428881
600 0 _aПипков, Любомир Панайотов
_d1904-1974
_9428881
999 _c116035
_d116035
003 BLK
005 20230802005143.0
008 180409b bul|||||r ||||||| ||bul||
010 _aKNG00121563000
040 _aBLK
041 _aBUL
_cBUL
080 _aМузика
_b78
_z78
080 _aМузиканти-творци, композитори
_b78.071.1
_x(497.2)(092)
_z78.071.1(497.2)(092)
080 _aБългарски композитор
_b929 Пипков, Любомир Панайотов
_z929 Пипков, Любомир Панайотов
139 _aПипков, Любомир Панайотов
_bП 52
245 1 0 _aИзбрани статии
_cЛюбомир Панайотов Пипков; състав. и ред. Крум Ангелов.
257 _aBGR
260 _bМузика
_c1977
_aСофия
300 _a380 с.
_c20 см
380 _a7
500 _aБиблиогр. справка за науч.-крит. и публицист. дейност на Л. Пипков с. 368-373.
650 4 _aМузика
_9162855
650 4 _aБългария
_9241624
650 4 _aМузикална критика, българска
_9263810
653 _aбългарска музика
653 _aстатии
653 _aмузикална критика
700 _aАнгелов, Крум Цветков
_d1918-2006
_9372681
852 _aЦб 86484
856 4 _qpdf
856 4 _qpdf
942 _cKNG
_n0
_s1
_01
944 _aCR
_c01.03.2011
_lCRON CRON
_k
944 _aED
_c31.03.2014
_lдобави в АБ / 28.02.2011
999 _d116035